000 00856nam a2200229Ia 4500
005 20240530105112.0
008 140319s1970 le g 000 0 ara d
017 _bمصر. دار الكتب
040 _aGCL /
_cGCL
082 0 4 _a221.42 /
_bم ق
_221
100 1 _aمحمد مرمادون
245 1 2 _aالقران الكريم =
_bTHE MEANING OF THE GLORIOUS QURAN /
_cترجمة محمد مرمادون
246 1 1 _aTHE MEANING OF THE GLORIOUS QURAN
260 _aبيروت :
_bدار العالم الاسلامى،
_c1970.
260 _aالقاهرة :
_bدار الكتاب المصرى،
_c1970
300 _a826 ص. ؛
_c20سم.
650 0 4 _aالشريعة الاسلامية
_2qrmak
650 0 4 _aالقران
_2qrmak
650 0 4 _2qrmak
_aالقران
_x ترجمة الى الانجليزية
651 _2qrmak
942 _2ddc
_cBK
999 _c53178
_d53178